[Event "CZE-chT2E 2223"]
[Site "Czech Republic"]
[Date "2023.02.05"]
[Round "8.4"]
[White "Straka, Vojtech1111"]
[Black "Kavan, Zdenek"]
[Result "1/2-1/2"]
[WhiteElo "1997"]
[BlackElo "2129"]
[PlyCount "170"]
[EventDate "2022.10.16"]
[EventType "team-tourn"]
[EventRounds "11"]
[EventCountry "CZE"]
[SourceTitle "EXT 2024"]
[Source "ChessBase"]
[SourceDate "2023.10.10"]
[SourceVersion "1"]
[SourceVersionDate "2023.10.10"]
[SourceQuality "1"]
[WhiteTeam "Brno Lokomotiva"]
[BlackTeam "Znojmo"]
[WhiteTeamCountry "CZE"]
[BlackTeamCountry "CZE"]

1. c4 c5 2. Nc3 Nc6 3. g3 g6 4. Bg2 Bg7 5. a3 e6 6. e3 Nge7 7. Ne4 d6 8. Ne2 0-0 9. 0-0 Rb8 10. Rb1 b6 11. b4 d5 12. cxd5 exd5 13. N4c3 Bf5 14. d3 d4 15. Ne4 cxb4 16. axb4 dxe3 17. fxe3 a5 18. bxa5 bxa5 19. Rxb8 Qxb8 20. Qa4 Qb4 21. Qxb4 axb4 22. Nc5 Rb8 23. d4 Bg4 24. Nf4 Nxd4 25. Na6 Rb6 26. Nxb4 Rxb4 27. exd4 Bxd4+ 28. Kh1 Rb1 29. Ba3 Rxf1+ 30. Bxf1 Bf3+ 31. Bg2 Bxg2+ 32. Kxg2 Nc6 33. Nd5 Kg7 34. Bc1 f6 35. Bd2 Kf7 36. Nf4 Ne5 37. Ne2 Bc5 38. Bc3 Ng4 39. h3 Ne3+ 40. Kf3 Nd5 41. Bd2 Ne7 42. Bc3 Ke6 43. Nf4+ Kf7 44. Ne2 Bd6 45. Bd4 Ke6 46. Bc3 Nc8 47. Bd4 Be5 48. Bc5 Bd6 49. Bd4 Ne7 50. Bc3 f5 51. Bd2 h5 52. Bg5 Nc6 53. Be3 Ne5+ 54. Kg2 Nd3 55. Bg5 Kd5 56. Kf3 Ne5+ 57. Kg2 Nf7 58. Bf4 Be7 59. Kf3 g5 60. Bc7 Kc5 61. Ba5 Ne5+ 62. Kg2 Kd5 63. Bc3 Ng6 64. Bd2 Ke4 65. Ba5 f4 66. gxf4 gxf4 67. Nc3+ Kd3 68. Kf3 Bd6 69. Nd5 Nh4+ 70. Kf2 Bc5+ 71. Kf1 f3 72. Be1 Nf5 73. Bf2 Bd6 74. h4 Be5 75. Nb4+ Ke4 76. Nc6 Bf6 77. Nb4 Nxh4 78. Nc2 Nf5 79. Kg1 h4 80. Ne1 Be5 81. Kh1 Ng3+ 82. Kg1 Ne2+ 83. Kh1 Bg3 84. Bxg3 hxg3 85. Nxf3 Kxf3 1/2-1/2

[Event "CZE-chT2d 0607"]
[Site "Czech Republic"]
[Date "2007.02.11"]
[Round "7"]
[White "Kastner, Oldrich"]
[Black "Kavan, Zdenek"]
[Result "1/2-1/2"]
[WhiteElo "2187"]
[BlackElo "2190"]
[PlyCount "52"]
[EventDate "2006.10.15"]
[EventType "team"]
[EventRounds "11"]
[EventCountry "CZE"]
[SourceTitle "EXT 2009"]
[Source "ChessBase"]
[SourceDate "2008.11.26"]
[SourceVersion "1"]
[SourceVersionDate "2008.11.26"]
[SourceQuality "1"]

1. e4 d6 2. d4 Nf6 3. Nc3 g6 4. Be3 c6 5. h3 Nbd7 6. f4 e5 7. Nf3 Qa5 8. Qd2 Bg7 9. 0-0-0 0-0 10. Kb1 Nh5 11. dxe5 dxe5 12. f5 Ng3 13. Rg1 gxf5 14. exf5 Nxf5 15. Bf2 Bh6 16. Qe1 Re8 17. g4 Ne7 18. Bd3 Ng6 19. Nd4 Bf8 20. Nf5 Nc5 21. Bxc5 Bxc5 22. Rf1 Be6 23. a3 Bd4 24. Ne4 Qxe1 25. Rdxe1 Red8 26. Rf3 Nf4 1/2-1/2

[Event "CZE-chT2d 0607"]
[Site "Czech Republic"]
[Date "2006.12.15"]
[Round "5"]
[White "Sekanina, Jiri"]
[Black "Kavan, Zdenek"]
[Result "0-1"]
[WhiteElo "2151"]
[BlackElo "2190"]
[PlyCount "56"]
[EventDate "2006.10.15"]
[EventType "team"]
[EventRounds "11"]
[EventCountry "CZE"]
[SourceTitle "EXT 2009"]
[Source "ChessBase"]
[SourceDate "2008.11.26"]
[SourceVersion "1"]
[SourceVersionDate "2008.11.26"]
[SourceQuality "1"]

1. c4 c5 2. g3 Nf6 3. Bg2 d5 4. cxd5 Nxd5 5. Nc3 Nc7 6. Nf3 Nc6 7. a3 e5 8. b4 f6 9. bxc5 Bxc5 10. Bb2 Ne6 11. 0-0 0-0 12. e3 Kh8 13. Qc2 Bd7 14. Na4 Be7 15. d4 exd4 16. exd4 Qa5 17. d5 Ncd4 18. Nxd4 Bxa4 19. Qe4 Nxd4 20. Qxe7 Rfe8 21. Qb4 Ne2+ 22. Kh1 Qa6 23. Rad1 Bxd1 24. Rxd1 Rad8 25. Bf3 h6 26. Kg2 Rd6 27. Rd2 Ng1 28. Bh5 Re1 0-1

[Event "CZE-chT2d 0607"]
[Site "Czech Republic"]
[Date "2006.11.05"]
[Round "2"]
[White "Kavan, Zdenek"]
[Black "Markovic, Ivan1111"]
[Result "0-1"]
[WhiteElo "2190"]
[BlackElo "2195"]
[PlyCount "77"]
[EventDate "2006.10.15"]
[EventType "team"]
[EventRounds "11"]
[EventCountry "CZE"]
[SourceTitle "EXT 2009"]
[Source "ChessBase"]
[SourceDate "2008.11.26"]
[SourceVersion "1"]
[SourceVersionDate "2008.11.26"]
[SourceQuality "1"]

1. c4 Nf6 2. Nc3 c5 3. Nf3 g6 4. g3 Bg7 5. Bg2 0-0 6. 0-0 Nc6 7. d4 cxd4 8. Nxd4 Nxd4 9. Qxd4 d6 10. Qd3 Qa5 11. Bd2 Qh5 12. h4 h6 13. Bf3 Bg4 14. Kg2 Bxf3+ 15. Qxf3 Qxf3+ 16. Kxf3 Rac8 17. b3 Nd7 18. Rac1 Bxc3 19. Bxc3 f5 20. Rfd1 Kf7 21. Rd5 a6 22. h5 Nc5 23. Bd2 Ne4 24. Bxh6 Rh8 25. hxg6+ Kxg6 26. Be3 e6 27. Rdd1 b5 28. Kg2 bxc4 29. bxc4 Rc6 30. f3 Nf6 31. c5 dxc5 32. Bxc5 Rhc8 33. Ba3 Nd5 34. Kf2 Rc2 35. Rh1 R8c7 36. Rce1 Rxa2 37. Bd6 Rcc2 38. Be5 Nb4 39. Rd1 0-1

[Event "CZE-chT2d 0405"]
[Site "Czech Republic"]
[Date "2005.??.??"]
[Round "6"]
[White "Donnert, Milan"]
[Black "Kavan, Zdenek"]
[Result "1/2-1/2"]
[WhiteElo "2196"]
[BlackElo "2173"]
[PlyCount "51"]
[EventDate "2004.10.??"]
[EventType "team"]
[EventRounds "11"]
[EventCountry "CZE"]
[SourceTitle "EXT 2007"]
[Source "ChessBase"]
[SourceDate "2006.11.23"]
[SourceVersion "1"]
[SourceVersionDate "2006.11.23"]
[SourceQuality "1"]

1. e4 d6 2. g3 c5 3. Bg2 g6 4. Ne2 Bg7 5. 0-0 Nc6 6. Nbc3 e6 7. d3 Nge7 8. Bg5 0-0 9. Qd2 Nd4 10. Nxd4 cxd4 11. Ne2 f6 12. Bh6 Qb6 13. Bxg7 Kxg7 14. c3 Nc6 15. cxd4 Nxd4 16. Nxd4 Qxd4 17. Rac1 Rf7 18. Rc4 Qb6 19. h4 e5 20. d4 Bg4 21. b3 Rc8 22. Rfc1 Rfc7 23. dxe5 dxe5 24. Rxc7+ Rxc7 25. Rxc7+ Qxc7 26. Kh2 1/2-1/2

[Event "CZE-chT2d 0405"]
[Site "Czech Republic"]
[Date "2005.??.??"]
[Round "1"]
[White "Kavan, Zdenek"]
[Black "Lacko, Jan"]
[Result "1/2-1/2"]
[WhiteElo "2190"]
[BlackElo "2230"]
[PlyCount "20"]
[EventDate "2004.10.??"]
[EventType "team"]
[EventRounds "11"]
[EventCountry "CZE"]
[SourceTitle "EXT 2007"]
[Source "ChessBase"]
[SourceDate "2006.11.23"]
[SourceVersion "1"]
[SourceVersionDate "2006.11.23"]
[SourceQuality "1"]

1. e4 c5 2. Nf3 d6 3. Bb5+ Bd7 4. Bxd7+ Nxd7 5. 0-0 g6 6. c3 Ngf6 7. Re1 Bg7 8. d4 cxd4 9. cxd4 0-0 10. Nc3 Nb6 1/2-1/2

[Event "CZE-chT2d 0405"]
[Site "Czech Republic"]
[Date "2005.??.??"]
[Round "10"]
[White "Kulovana, Eva"]
[Black "Kavan, Zdenek"]
[Result "0-1"]
[WhiteElo "2180"]
[BlackElo "2190"]
[PlyCount "94"]
[EventDate "2004.10.??"]
[EventType "team"]
[EventRounds "11"]
[EventCountry "CZE"]
[SourceTitle "EXT 2007"]
[Source "ChessBase"]
[SourceDate "2006.11.23"]
[SourceVersion "1"]
[SourceVersionDate "2006.11.23"]
[SourceQuality "1"]

1. e4 d6 2. d4 Nf6 3. Nc3 g6 4. Nf3 Bg7 5. Be2 Nbd7 6. 0-0 e5 7. Re1 0-0 8. Bf1 Re8 9. a4 a5 10. Bg5 c6 11. d5 Qc7 12. Bc4 Nb6 13. Bb3 c5 14. Nd2 Bg4 15. f3 Bd7 16. Bc4 Rf8 17. Qe2 h6 18. Be3 Nh5 19. Bb5 Bc8 20. Rec1 Qe7 21. g3 f5 22. Bf2 Qg5 23. Kh1 Qe7 24. Nd1 Nf6 25. c3 fxe4 26. fxe4 Bg4 27. Qe1 Nbd7 28. Ne3 Bh3 29. Bf1 Ng4 30. Nxg4 Bxg4 31. Bg2 Nf6 32. Nc4 Nh7 33. Qe3 Ng5 34. Bg1 Bf3 35. Rf1 Bxg2+ 36. Kxg2 Qd7 37. Kh1 Rxf1 38. Rxf1 Qxa4 39. Nxd6 Bf8 40. Nxb7 Qb5 41. Rxf8+ Rxf8 42. Nxc5 Qf1 43. d6 Rf3 44. d7 Rxe3 45. d8Q+ Kh7 46. Qd7+ Nf7 47. Qd2 Re2 0-1

[Event "CZE-chT2d 0405"]
[Site "Czech Republic"]
[Date "2005.??.??"]
[Round "8"]
[White "Nehybka, Jiri"]
[Black "Kavan, Zdenek"]
[Result "1-0"]
[WhiteElo "2190"]
[BlackElo "2190"]
[PlyCount "61"]
[EventDate "2004.10.??"]
[EventType "team"]
[EventRounds "11"]
[EventCountry "CZE"]
[SourceTitle "EXT 2007"]
[Source "ChessBase"]
[SourceDate "2006.11.23"]
[SourceVersion "1"]
[SourceVersionDate "2006.11.23"]
[SourceQuality "1"]

1. e4 d6 2. Nc3 g6 3. g3 Bg7 4. Bg2 c5 5. d3 Nc6 6. f4 e6 7. Nf3 Nge7 8. 0-0 0-0 9. Be3 Nd4 10. e5 dxe5 11. Nxe5 Rb8 12. Ne4 b6 13. c3 Ndf5 14. Bf2 Qc7 15. g4 Nd6 16. Bg3 Nxe4 17. Bxe4 Bb7 18. Qa4 Bxe4 19. Qxe4 Rbd8 20. Rae1 Rc8 21. Nc4 Qd7 22. Bh4 Nc6 23. Ne5 Qd6 24. Nxc6 Rxc6 25. Be7 Qxe7 26. Qxc6 Rd8 27. Qf3 Qd7 28. f5 exf5 29. gxf5 g5 30. Re3 Bf6 31. Qh5 1-0

[Event "MOR-chT2S 0203"]
[Site "Moravia"]
[Date "2003.01.26"]
[Round "7"]
[White "Svanda, Pavel"]
[Black "Kavan, Zdenek"]
[Result "1/2-1/2"]
[WhiteElo "2303"]
[BlackElo "2216"]
[PlyCount "100"]
[EventDate "2002.10.??"]
[EventType "team"]
[EventRounds "11"]
[EventCountry "CZE"]
[SourceTitle "EXT 2006"]
[Source "ChessBase"]
[SourceDate "2005.11.24"]
[SourceVersion "1"]
[SourceVersionDate "2005.11.24"]
[SourceQuality "1"]

1. e4 Nf6 2. e5 Nd5 3. d4 d6 4. Nf3 Bf5 5. Bc4 e6 6. 0-0 dxe5 7. Nxe5 Be7 8. Qf3 0-0 9. Bb3 Nd7 10. Nc3 Nxc3 11. Qxc3 Nxe5 12. dxe5 c5 13. Bc4 Qc7 14. a4 Rfd8 15. Be3 h6 16. Rfd1 Qc6 17. f3 Rxd1+ 18. Rxd1 Qxa4 19. b3 Qc6 20. Qa5 b6 21. Bb5 Qc7 22. Qa1 Rd8 23. Rxd8+ Bxd8 24. Qd1 Be7 25. f4 Qb7 26. Qe2 Qd5 27. Bc4 Qd8 28. Bf2 h5 29. h3 h4 30. Kh2 Qd7 31. Be3 g6 32. c3 Kg7 33. Bf2 Qd8 34. Kg1 Qd7 35. Qe1 Qd8 36. Qe2 a5 37. Qe1 Kg8 38. Qe2 Kf8 39. Qe1 Ke8 40. Qe2 Kd7 41. Bb5+ Kc7 42. Bc4 g5 43. Be3 gxf4 44. Bxf4 Bg5 45. Bxg5 Qxg5 46. Qf3 Qc1+ 47. Kf2 Qd2+ 48. Be2 c4 49. bxc4 a4 50. Qa8 Bd3 1/2-1/2

[Event "MOR-chT2S 0203"]
[Site "Moravia"]
[Date "2002.11.03"]
[Round "2"]
[White "Urbanec, Ladislav"]
[Black "Kavan, Zdenek"]
[Result "1-0"]
[WhiteElo "2244"]
[BlackElo "2216"]
[PlyCount "53"]
[EventDate "2002.10.??"]
[EventType "team"]
[EventRounds "11"]
[EventCountry "CZE"]
[SourceTitle "EXT 2006"]
[Source "ChessBase"]
[SourceDate "2005.11.24"]
[SourceVersion "1"]
[SourceVersionDate "2005.11.24"]
[SourceQuality "1"]

1. e4 d6 2. g3 Nf6 3. Bg2 c5 4. Ne2 Nc6 5. 0-0 g6 6. Nbc3 Bg7 7. d3 Rb8 8. a3 0-0 9. h3 e5 10. Bg5 h6 11. Be3 Nd4 12. Kh2 Kh7 13. f4 Nh5 14. f5 Bd7 15. Nd5 Nxe2 16. Qxe2 Nf6 17. Nxf6+ Bxf6 18. b4 b6 19. h4 Rg8 20. Bh3 g5 21. Qh5 Qf8 22. Rf3 d5 23. hxg5 dxe4 24. g6+ Rxg6 25. fxg6+ fxg6 26. Rxf6 Qxf6 27. Qxh6+ 1-0